|
|
|
|
| LEADER |
00000nam a22000007a 4500 |
| 005 |
2017112207107.0 |
| 007 |
cr|||| |||| |
| 008 |
171122s2010 mx |||||s|||| 00||0 spa d |
| 020 |
|
|
|a 978-607-401-192-0
|
| 035 |
|
|
|a 20847
|
| 040 |
|
|
|a vLex
|
| 090 |
|
|
|c 7221
|d 7221
|
| 100 |
1 |
|
|a Barrera Rivera, Mn̤ica
|
| 245 |
1 |
0 |
|a ¿Quiň y cm̤o debe controlar y evaluar al Gobierno?
|h [Recurso electrn̤ico]
|c Mn̤ica Barrera Rivera
|
| 256 |
|
|
|a Servicio en ln̕ea
|
| 300 |
|
|
|a 1 recurso electrn̤ico (320p.)
|
| 500 |
|
|
|a El eje fundamental de la Reforma del Estado: la participacin̤ social en el control y evaluacin̤ del servicio pb︢lico. El caso mexicano.
|
| 506 |
1 |
|
|a Disponible solo en los productos indicados
|d vLex Global
|d vLex Global (Academic Edition, excluding Law Schools)
|d vLex Global (U.S. Academic Edition, Law Schools)
|d vLex Global (U.S. Academic Edition, excluding Law Schools)
|d vLex Global (Academic Edition, Law Schools)
|
| 650 |
0 |
4 |
|a Derecho Pb︢lico
|z Mx̌ico
|
| 650 |
0 |
4 |
|a Derecho Administrativo
|z Mx̌ico
|
| 650 |
0 |
4 |
|a Derecho constitucional
|z Mx̌ico
|
| 740 |
0 |
|
|a vLex Libros (servicio en ln̕ea)
|
| 856 |
4 |
0 |
|u http://vlex.com/source/quien-como-debe-controlar-evaluar-gobierno-20847
|z Acceso restringido
|
| 942 |
|
|
|c BOOK
|
| 999 |
0 |
|
|a Constitutional law
|
| 999 |
0 |
|
|a Administrative law
|